Comic Creators Quiz Stats

 Plays Quiz Updated Feb 11, 2020

Support Sporcle.
Go Orange.
Score 0/27 Timer 05:00
0 Plays Today
Character Creator % Correct
SpidermanStan Lee
96.4%
Fantastic FourStan Lee
96.4%
X-MenStan Lee
96.4%
The Incredible HulkStan Lee
96.4%
Sin CityFrank Miller
60.8%
Captain AmericaJack Kirby
59.9%
X-MenJack Kirby
59.9%
Fantastic FourJack Kirby
59.9%
The Incredible HulkJack Kirby
59.9%
BatmanBob Kane
56.8%
WatchmenAlan Moore
55.4%
SpawnTodd McFarlane
45.3%
Sandman (Vertigo)Neil Gaiman
44.6%
SpidermanSteve Ditko
42%
Character Creator % Correct
SupermanJoe Shuster
41.5%
SupermanJerry Siegel
40.2%
BatmanBill Finger
35.9%
The SpiritWill Eisner
34.7%
WatchmenDave Gibbons
32.8%
HellboyMike Mignola
28.9%
BoneJeff Smith
25.9%
Captain AmericaJoe Simon
24.6%
Groo the WandererSergio Aragon├ęs
17.4%
Wonder WomanDr. William Moulton Marston
16.6%
Sandman (Vertigo)Sam Kieth
6.8%
Sandman (Vertigo)Mike Dringenberg
5.2%
WatchmenJohn Higgins
4.7%

From the Vault

Pixar Short Films

by SporcleAdmin

Movies 4m
More often than not, the Pixar short is better than most of the other movies playing at the cineplex.
Remove Ads.
Support Sporcle.
Get the best of Sporcle when you Go Orange. This ad-free experience offers more features, more stats, and more fun while also helping to support Sporcle. Thank you for becoming a member.

Show Comments

Extras

Top Quizzes Today


Score Distribution

Your Account Isn't Verified!

In order to create a playlist on Sporcle, you need to verify the email address you used during registration. Go to your Sporcle Settings to finish the process.

Report this User

Report this user for behavior that violates our Community Guidelines.

Details: